| 000 | 00909cam a2200253 a 4500 | ||
|---|---|---|---|
| 999 |
_c3783 _d3783 |
||
| 001 | 11987276 | ||
| 003 | GBCCL | ||
| 005 | 20241126110503.0 | ||
| 008 | 000427s2000 mou 000 0 eng | ||
| 010 | _a 00009328 | ||
| 020 | _a0570053994 | ||
| 040 |
_aDLC _cDLC _dDLC |
||
| 050 | 0 | 0 |
_aBV4844 _b.C57 2000 |
| 082 | 0 | 0 |
_a242.643 _221 _bCLE |
| 100 | 1 |
_aCleary, Teresa, _d1961- _97454 |
|
| 245 | 1 | 0 |
_aFront porch reflections : _bdevotions for every season / _cby Teresa Cleary. |
| 260 |
_aSt. Louis, MO : _bConcordia Pub. House, _cc2000. |
||
| 300 |
_a287 p. ; _c20 cm. |
||
| 650 | 0 |
_aChristian women _vPrayers and devotions. _96621 |
|
| 650 | 0 |
_aSeasons _xReligious aspects _xChristianity _vMeditations. _97455 |
|
| 906 |
_a7 _bcbc _corignew _d1 _eecip _f20 _gy-gencatlg |
||
| 942 |
_2ddc _cBK |
||